1187 1093 1555 1137 1066 1776 1461 1364 1728 1326 1050 1367 1486 1629 1338 1701 1121 1311 1817 1748 1513 1847 1167 1060 1882 1172 1431 1808 1333 1130 1425 1196 1624 1223 1956 1323 1493 1442 1382 1557 1889 1195 1269 1236 1439 1273 1196 1411 1977 1261 1606 1400 1755 1760 1343 1400 1046 1551 1598 1918 1153 1902 1660 1170 1948 1568 1015 1653 1810 1908 1730 1385 1904 1092 1724 1539 1200 1226 1754 1496 1828 1255 1031 1614 1320 1995 1830 1827 1315 1236 1930 1916 1216 1990 1539 1672 1548 1210 1835 BCNSPRNW ULIB Ver.6.0+V

เปลี่ยนเป็นภาษาไทย

Change to English
 แสดงรายละเอียดบรรณานุกรม
  กลับหน้าหลัก

Brief Record : Get Marc (ISO 2709) : E-mail record : QR code < ปิดหน้าต่าง
LEADER : 00000nam 2200000uu 4500
001    13399108251
003     ULIB
008    110224s2550||||th 000 0 tha d
020    9789748816395
050  4 Z665^bน522ห 2550
100 0  น้ำทิพย์ วิภาวิน
245 10 ห้องสมุดในฝัน /^cน้ำทิพย์ วิภาวิน
260    กรุงเทพฯ :^bบริษัท เอส.อาร์.พริ้นติ้ง แมสโปรดักส์,^c2550
300    132 หน้า :^bภาพประกอบ ;^c24 ซม.
650  7 ห้องสมุด
945    ^p139^l0^i028999
995    เกษร
999 ^a ใช้งานได้ทุกระบบ
รายการนี้ยังไม่มีแท็ก
คุณยังไม่ได้ล็อกอิน คุณสามารถมีกิจกรรมร่วมกับเว็บไซต์ได้ แต่ต้องล็อกอินก่อน ::
  ล็อกอิน

รายการสื่อสารสนเทศ

ลำดับที่ ประเภท เลขเรียก/บาร์โค้ด สถานที่ สถานะ
- ไม่พบข้อมูล -

รายการใกล้เคียง
    ผู้แต่ง [น้ำทิพย์ วิภาวิน]

    หัวเรื่อง [ห้องสมุด]

BibComment


ยังไม่เคยถูกคอมเมนท์

คอมเมนท์ทรัพยากรรายการนี้
  คอมเมนท์: ห้องสมุดในฝัน น้..


 Copyright 2026. Bcnsprnw @Library